Classical Fourier analysis
Αποθηκεύτηκε σε:
| Κύριος συγγραφέας: | |
|---|---|
| Μορφή: | Βιβλίο |
| Γλώσσα: | English |
| Δημοσίευση: |
New York :
Springer,
c2008
|
| Έκδοση: | 2nd ed. |
| Σειρά: | Graduate texts in mathematics ;
; 249 |
| Θέματα: | |
| Ετικέτες: |
Προσθήκη ετικέτας
Δεν υπάρχουν, Καταχωρήστε ετικέτα πρώτοι!
|
MARC
| LEADER | 00000cam a2200000 i 4500 | ||
|---|---|---|---|
| 001 | 1/102196 | ||
| 008 | 090305s2008 eng d | ||
| 020 | |a 978-0-387-09432-8 | ||
| 035 | |l 10103561 | ||
| 040 | |a GR-MY-UA |b gre |e aacr | ||
| 041 | 0 | |a eng | |
| 082 | 0 | |a 515.2433 |2 (22) | |
| 100 | 1 | |a Grafakos, Loukas. | |
| 245 | 1 | 0 | |a Classical Fourier analysis / |c Loukas Grafakos |
| 250 | |a 2nd ed. | ||
| 260 | |a New York : |b Springer, |c c2008 | ||
| 300 | |a xvi, 209 σ.; |c 24 εκ. | ||
| 490 | 1 | |a Graduate texts in mathematics |v ; 249 | |
| 504 | |a Περιέχει βιβλιογραφικές παραπομπές και ευρετήριο | ||
| 650 | 0 | 0 | |a Fourier analysis. |
| 830 | 0 | |a Graduate texts in mathematics ; |v ; 249 | |
| 852 | |a INST |b SAMOS |e 20090305 |h 515.2433 GRA |p 005300029209 |q 005300029209 |t BK |y 0 | ||
| 901 | |a BIBL3-2009-1 | ||
| 909 | |a Σ |b 155760 | ||
| 922 | |a 3ΕΛΗ |b 200808 |c ΕΠΕΑΕΚ2/ΤΜΗΜΑ ΜΑΘΗΜΑΤΙΚΩΝ-ΠΡΟΠΤΥΧΙΑΚΟ |d ΜΙΧΑΛΟΠΟΥΛΟΣ | ||
| 970 | |a ΡΟΥΣΣΟΥ |b ΚΩΝΣΤΑΝΤΙΝΑ |z 2009/03/05 | ||